书目信息 |
| 题名: |
Windows Server 2003技术内幕
|
|
| 作者: | 鲍斯威尔, , Boswell, 著 ;周靖 , 尤晓东 译 | |
| 分册: | 提高篇 | |
| 出版信息: | 北京 清华大学出版社 2005.2 |
|
| 页数: | 584页 | |
| 开本: | 26cm | |
| 丛书名: | 系统与安全丛书 | |
| 单 册: | ||
| 中图分类: | TP316.86 | |
| 科图分类: | ||
| 主题词: | 窗口软件--chuang kou ruan jian--网络服务器 , 窗口软件--chuang kou ruan jian , 网络服务器--wang luo fu wu qi | |
| 电子资源: | ||
| ISBN: | 7-302-10332-1 | |
| 000 | 01551cam2 2200373 450 | |
| 001 | 012005058633 | |
| 005 | 20051124110906.30 | |
| 010 | @a7-302-10332-1@dCNY64.00 | |
| 100 | @a20050716d2005 em y0chiy0121 ea | |
| 101 | 1 | @achi@ceng |
| 102 | @aCN@b110000 | |
| 105 | @ay z 000yy | |
| 200 | 1 | @aWindows Server 2003技术内幕@AWindows Server 2003 ji shu nei mu@i提高篇@f(美)[鲍斯威尔]William Boswell著@g周靖,尤晓东译 |
| 210 | @a北京@c清华大学出版社@d2005.2 | |
| 215 | @a584页@d26cm | |
| 225 | 2 | @a系统与安全丛书@Axi tong yu an quan cong shu |
| 304 | @a书名原文:Inside Windows Server 2003 | |
| 306 | @aPearson Education授权出版 | |
| 314 | @a鲍斯威尔[William Boswell],是Windows Consulting Group的总工程师,著有《Windows Server 2003》。 | |
| 330 | @a本书着重讲述了Windows Server 2003的安全性和组策性,并探讨了如何对数据技术内幕存储、文件系统、共享资源、文件加密、PKL、用户工作环境、远程访问等进行管理。最后还讲述了如何从系统故障中恢复。 | |
| 461 | 0 | @12001 @a系统与安全丛书 |
| 510 | 1 | @aInside Windows Server 2003@zeng |
| 606 | 0 | @a窗口软件@Achuang kou ruan jian@x网络服务器 |
| 606 | 0 | @a窗口软件@Achuang kou ruan jian |
| 606 | 0 | @a网络服务器@Awang luo fu wu qi |
| 610 | 0 | @aWindows Server |
| 690 | @aTP316.86@v4 | |
| 701 | 1 | @c(美)@a鲍斯威尔,@Abao si wei er@bW.@g(Boswell, William)@4著 |
| 701 | 1 | @c(美)@aBoswell,@bW.@g(Boswell, William)@4著 |
| 702 | 0 | @a周靖@Azhou jing@4译 |
| 702 | 0 | @a尤晓东@Ayou xiao dong@4译 |
| 801 | 0 | @aCN@bSRXX@c20051124 |
| 801 | 2 | @aCN@bSRXX@c20051110 |
| 905 | @a10447@dTP316.86@eB304 | |
| Windows Server 2003技术内幕.提高篇/(美)[鲍斯威尔]William Boswell著/周靖,尤晓东译.-北京:清华大学出版社,2005.2 |
| 584页;26cm.-(系统与安全丛书) |
| ISBN 7-302-10332-1:CNY64.00 |
| 本书着重讲述了Windows Server 2003的安全性和组策性,并探讨了如何对数据技术内幕存储、文件系统、共享资源、文件加密、PKL、用户工作环境、远程访问等进行管理。最后还讲述了如何从系统故障中恢复。 |
| ● |
| 相关链接 |
|
|
|
正题名:Windows Server 2003技术内幕
索取号:TP316.86/B304
 
预约/预借
| 序号 | 登录号 | 条形码 | 馆藏地/架位号 | 状态 | 备注 |
| 1 | 545098 | 205450983 | 自科二线504/504自科库 31排3列3层/ [索取号:TP316.86/B304] | 在馆 | |
| 2 | 545099 | 205450992 | 自科库301/301自科库 58排6列4层/ [索取号:TP316.86/B304] | 在馆 | |
| 3 | 545100 | 205451009 | 自科二线404/404自科库 18排3列1层/ [索取号:TP316.86/B304] | 在馆 |